| 000 | 01428nam a22003375i 4500 | ||
|---|---|---|---|
| 999 |
_c3880 _d3880 |
||
| 003 | EG-ScBUE | ||
| 005 | 20191223135416.0 | ||
| 008 | 101018r20132006enk f 000 0 eng d | ||
| 020 | _a9780194575355 (Teacher's book) | ||
| 040 |
_aEG-ScBuE _beng _erda _cEG-ScBuE _dEG-ScBuE |
||
| 082 | 0 | 4 |
_a428.24076 _bJUR _222 |
| 100 | 1 |
_aJurascheck, Andrew, _eauthor. _920474 |
|
| 245 | 1 | 0 |
_aIELTS masterclass. _pTeacher's book / _cAndrew Jurascheck. |
| 264 | 1 |
_aOxford : _bOxford University Press, _c2013. |
|
| 300 |
_a107 pages ; _c28 cm |
||
| 336 |
_atext _btxt _2rdacontent |
||
| 337 |
_aunmediated _bn _2rdamedia |
||
| 338 |
_avolume _bnc _2rdacarrier |
||
| 500 | _a"First published in 2006"-- Title page verso. | ||
| 520 | _aGuidance, answers, recording scripts, activity ideas ... all you need to help you support your higher-level IELTS students. | ||
| 590 | _ayassmeen ashraf | ||
| 650 | 7 |
_aInternational English Language Testing System _vStudy guides. _2BUEsh _936012 |
|
| 650 | 7 |
_aEnglish language _vExaminations, questions, etc. _2BUEsh |
|
| 650 | 7 |
_aEnglish language _vTextbooks for foreign speakers. _2BUEsh |
|
| 650 | 7 |
_aEnglish language _vSound recordings for foreign speakers. _2BUEsh _936029 |
|
| 650 | 7 |
_aEnglish language _vStudy and teaching as a second language. _2BUEsh |
|
| 650 | 7 |
_aEnglish language _xStudy and teaching _xForeign speakers. _2BUEsh |
|
| 651 | _2BUEsh | ||
| 653 |
_bHHUUEENN _cAugust2015 |
||
| 942 |
_2ddc _cBB |
||